[Event "BUL-chT 59th"]
[Site "Sunny Beach"]
[Date "2009.05.09"]
[Round "2.3"]
[White "Todorov, Ivan"]
[Black "Filev, Georgi"]
[Result "1/2-1/2"]
[WhiteElo "2299"]
[BlackElo "2384"]
[PlyCount "63"]
[EventDate "2009.05.08"]
[EventType "team-tourn"]
[EventRounds "7"]
[EventCountry "BUL"]
[SourceTitle "CBM 130 Extra"]
[Source "ChessBase"]
[SourceDate "2009.07.02"]
[SourceVersion "2"]
[SourceVersionDate "2009.07.15"]
[SourceQuality "1"]
[WhiteTeam "Vidin Nayden Voynov"]
[BlackTeam "Sofia CSKA"]
[WhiteTeamCountry "BUL"]
[BlackTeamCountry "BUL"]

1. c4 Nf6 2. Nc3 d5 3. cxd5 Nxd5 4. e4 Nxc3 5. dxc3 Qxd1+ 6. Kxd1 e5 7. Be3 Be6 8. Nf3 f6 9. Nd2 Nd7 10. Bc4 Bxc4 11. Nxc4 Bc5 12. Ke2 Bxe3 13. Kxe3 0-0-0 14. Rhd1 Nb6 15. Nxb6+ axb6 16. Ke2 c6 17. Rxd8+ Rxd8 18. Rd1 Rxd1 19. Kxd1 b5 20. Ke2 Kd7 21. Ke3 Ke6 22. b4 Kd6 23. Kd3 b6 24. a3 Kc7 25. g3 Kd6 26. f3 Kc7 27. Ke3 Kd7 28. Kd3 Kd6 29. Ke3 Kd7 30. Kd3 Kd6 31. Ke3 Kd7 32. Kd3 1/2-1/2

[Event "Grosseto 1st"]
[Site "Grosseto"]
[Date "2009.02.05"]
[Round "7"]
[White "Humeau, Cyril"]
[Black "Todorov, Ivan"]
[Result "1-0"]
[WhiteElo "2203"]
[BlackElo "2258"]
[PlyCount "199"]
[EventDate "2009.02.01"]
[EventType "tourn"]
[EventRounds "9"]
[EventCountry "ITA"]
[SourceTitle "CBM 128 Extra"]
[Source "ChessBase"]
[SourceDate "2009.03.05"]
[SourceVersion "2"]
[SourceVersionDate "2009.03.25"]
[SourceQuality "1"]

1. d4 Nf6 2. c4 e5 3. dxe5 Ng4 4. Bf4 Nc6 5. Nf3 Bb4+ 6. Nc3 Bxc3+ 7. bxc3 Qe7 8. Qd5 f6 9. exf6 Nxf6 10. Qd3 d6 11. g3 0-0 12. Bg2 Bg4 13. 0-0 Rae8 14. Rae1 Kh8 15. Bg5 Qf7 16. Bxf6 Qxf6 17. Nd2 Qg5 18. f4 Qc5+ 19. e3 Bf5 20. Qd5 Qa3 21. e4 Be6 22. Qd3 Nb4 23. Qf3 Nxa2 24. e5 c6 25. exd6 Qxd6 26. Ne4 Qa3 27. Re3 Bxc4 28. Rfe1 a5 29. Qh5 Bf7 30. Qe2 b5 31. c4 Qa4 32. cxb5 Qxb5 33. Qxb5 cxb5 34. Nd6 Rxe3 35. Nxf7+ Rxf7 36. Rxe3 g5 37. fxg5 Rf5 38. h4 b4 39. Re8+ Kg7 40. Be4 Rc5 41. Re7+ Kg8 42. Bxh7+ Kh8 43. Bg6 Nc3 44. Rh7+ Kg8 45. Rb7 Rb5 46. Rc7 Re5 47. Bf7+ Kf8 48. g6 Re3 49. Kf2 Nd1+ 50. Kg2 Rc3 51. Ra7 Ne3+ 52. Kh3 Nf5 53. Be6 Rxg3+ 54. Kh2 Rxg6 55. Bxf5 Rh6 56. Kh3 b3 57. Rxa5 Rb6 58. Bb1 Kg7 59. Rg5+ Kh6 60. Rg2 Rb8 61. Rb2 Rb6 62. Bc2 Rb4 63. Bxb3 Kg7 64. Rg2+ Kh7 65. Bc2+ Kh8 66. Bg6 Kg7 67. Bf5+ Kh8 68. Rg6 Rb3+ 69. Kg4 Rb4+ 70. Kg5 Rb7 71. h5 Rg7 72. Kh6 Rh7+ 73. Kg5 Rg7 74. Be6 Kh7 75. Bd5 Kh8 76. Be4 Kg8 77. Bf5 Kh8 78. Kf6 Rh7 79. Bg4 Rb7 80. Rh6+ Rh7 81. Rg6 Ra7 82. Rg5 Ra6+ 83. Be6 Ra8 84. Rg7 Rf8+ 85. Bf7 Ra8 86. Rg2 Ra6+ 87. Be6 Ra8 88. Rg1 Rf8+ 89. Bf7 Ra8 90. Rg3 Ra6+ 91. Be6 Kh7 92. Rg7+ Kh6 93. Rg8 Kh7 94. Rg7+ Kh6 95. Rg8 Kh7 96. Re8 Rb6 97. h6 Ra6 98. Kg5 Rb6 99. Bf5+ Rg6+ 100. Bxg6# 1-0

[Event "Bankia op"]
[Site "Bankia"]
[Date "1990.??.??"]
[Round "2"]
[White "Todorov, Ivan"]
[Black "Ikonnikov, Vyacheslav"]
[Result "0-1"]
[WhiteElo "2275"]
[BlackElo "2385"]
[PlyCount "64"]
[EventDate "1990.??.??"]
[EventType "swiss"]
[EventRounds "9"]
[EventCountry "BUL"]
[SourceTitle "EXT 1998"]
[Source "ChessBase"]
[SourceDate "1997.11.17"]
[SourceVersion "1"]
[SourceVersionDate "1997.11.17"]
[SourceQuality "1"]

1. e4 c5 2. Nf3 Nc6 3. Nc3 e5 4. g3 g6 5. Bg2 Bg7 6. 0-0 Nge7 7. d3 d6 8. Be3 Nd4 9. Qd2 0-0 10. Ne1 Be6 11. Nd1 b6 12. c3 Ndc6 13. c4 Qd7 14. f4 exf4 15. gxf4 f5 16. Nc3 fxe4 17. Nxe4 Nf5 18. Bf2 Kh8 19. Nf3 d5 20. Ng3 dxc4 21. Nxf5 Bxf5 22. dxc4 Qxd2 23. Nxd2 Rad8 24. Nb3 Nb4 25. Bh4 Rd7 26. a3 Nc2 27. Ra2 Ne3 28. Rc1 Nxg2 29. Kxg2 Rd3 30. Na1 Rd2+ 31. Bf2 Bd4 32. Rf1 Bd3 0-1